| 000 | 01453naa a2200289 i 4500 | ||
|---|---|---|---|
| 001 | 193972 | ||
| 003 | ES-MaACL | ||
| 005 | 20250807063229.0 | ||
| 008 | 240308e1912 sp ||||| |||| 00| 0 spa d | ||
| 040 |
_bspa _cES-MaACL |
||
| 245 | 0 | 0 |
_aGuillermo Marconi en Madrid : _bel ilustre inventor con S.M. el Rey, los infantes D. Fernando y D. Raniero, los presidentes del Consejo y del Ateneo y otras distinguidas personalidades, al terminar la velada celebrada en honor de Marconi en aquella Docta Casa / _cfot. Rivero |
| 260 |
_a[Madrid : _bBlanco y Negro, _c1912] |
||
| 300 |
_a1 página : _b1 ilustración ; _c30 cm |
||
| 336 |
_2rdacontent _atexto |
||
| 337 |
_2rdamedia _asin mediación |
||
| 338 |
_2rdacarrier _avolumen |
||
| 500 | _aFotocopia de la página con la fotografía de Guillermo Marconi acompañado de Alfonso XIII, Rafael María de Labra y otros asistentes a la velada en honor de Marconi en el Ateneo de Madrid, publicada en la revista "Blanco y negro", 26 de mayo de 1912, n. 1098 | ||
| 600 | 1 | 4 |
_aMarconi, Guglielmo, _d1874-1937 _9235517 |
| 600 | 0 | 4 |
_aAlfonso _bXIII, _cRey de España _9235132 |
| 600 | 1 | 4 |
_aLabra, Rafael M. de, _d1840-1918 _969273 |
| 610 | 2 | 4 |
_aAteneo de Madrid- _vConferencias- _y1900-1939 _91907 |
| 700 | 1 |
_997702 _aRivero Iglesias, Ricardo del, _d1869-1937 _epht |
|
| 852 | 4 |
_aES-MaACL _cDEPOF _j2347-F-100 _9201518 |
|
| 942 |
_2udc _cANAB _n0 |
||
| 999 |
_c193972 _d193972 |
||